Расчеты печей и сушил силикатной промышленности: учебное пособие

Xehetasun bibliografikoak
Egile nagusia: Левченко П. В. Петр Васильевич
Hizkuntza:errusiera
Argitaratua: Москва, Высшая школа, 1968
Gaiak:
Formatua: Liburua
KOHA link:https://koha.lib.tpu.ru/cgi-bin/koha/opac-detail.pl?biblionumber=65691

MARC

LEADER 00000nam0a2200000 4500
001 65691
005 20231031070809.0
035 |a (RuTPU)RU\TPU\book\69724 
090 |a 65691 
100 |a 20040625d1968 m y0rusy50 ca 
101 0 |a rus 
102 |a RU 
105 |a a j 001zy 
200 1 |a Расчеты печей и сушил силикатной промышленности  |e учебное пособие  |f П. В. Левченко 
210 |a Москва  |c Высшая школа  |d 1968 
215 |a 366 с.  |c ил. 
320 |a Библиогр.: с. 364-365 
610 1 |a силикатная промышленность 
610 1 |a печи 
610 1 |a сушила 
610 1 |a расчеты 
610 1 |a учебные пособия 
675 |a 660.4(075.8)  |v 3 
675 |a 660.47(075.8)  |v 3 
700 1 |a Левченко  |b П. В.  |g Петр Васильевич 
801 1 |a RU  |b 63413507  |c 20040625  |g PSBO 
801 2 |a RU  |b 63413507  |c 20160517  |g PSBO 
942 |c BK